National Topscorer by European Country - MAP - Statistics

General Stats
  • This quiz has been taken 118 times
  • The average score is 21 of 45
Answers on the Map
Answers color-coded by a green-red scale on the quiz's map according to % correct below.
 
Answer Stats
Answer % Correct
Cristiano Ronaldo
92%
Wayne Rooney
84%
Robert Lewandowski
81%
Zlatan Ibrahimović
81%
David Villa
80%
Thierry Henry
80%
Robin van Persie
77%
Romelu Lukaku
77%
Robbie Keane
76%
Andriy Shevchenko
74%
Miroslav Klose
73%
Eiður Guðjohnsen
70%
Nikos Anastopoulos
70%
Ferenc Puskás
64%
Dimitar Berbatov / Hristo Bonev
63%
Jari Litmanen
60%
Adrian Mutu / Gheorghe Hagi
59%
Edin Džeko
55%
Poul Nielsen / Jon Dahl Tomasson
53%
Davor Šuker
51%
Luigi Riva
48%
Jørgen Juve
44%
Goran Pandev
43%
Alexander Frei
40%
Māris Verpakovskis
38%
Maksim Romaschenko
36%
Oleh Blokhin
36%
Stevan Jovetić
36%
Jan Koller
35%
Róbert Vittek
29%
Zlatko Zahovič
29%
Tomas Danilevicius
28%
Serghei Cleșcenco
26%
Elba Rashani / Albert Bunjaku
23%
Mario Frick
22%
Toni Polster
21%
Ildefons Lima
20%
Alessandro Quarto
17%
Andres Oper
14%
Andy Selva
14%
Erjon Bogdani
14%
Michael Mifsud
14%
Olivier Lechner
12%
Leon Mart
9%
Stjepan Bobek
9%
No matching quizzes found
Score Distribution
Percent of People with Each Score
Percentile by Number Answered
Your Score History
You have not taken this quiz